Binding patterns of IgE antibodies in sera of rubber tappers to fresh Hevea latex serum proteins (Record no. 54724)
[ view plain ]
| 000 -LEADER | |
|---|---|
| fixed length control field | 01500nam a2200169Ia 4500 |
| 100 ## - MAIN ENTRY--AUTHOR NAME | |
| Personal name | Hasma H |
| 245 #0 - TITLE STATEMENT | |
| Title | Binding patterns of IgE antibodies in sera of rubber tappers to fresh Hevea latex serum proteins |
| 260 ## - PUBLICATION, DISTRIBUTION, ETC. (IMPRINT) | |
| Name of publisher | Journal of Rubber Research |
| Year of publication | 1998 |
| 300 ## - PHYSICAL DESCRIPTION | |
| Number of Pages | 146-153 |
| 520 ## - SUMMARY, ETC. | |
| Summary, etc | The binding patterns of IgE antibodies to fresh natural rubber latex B- and C- serum proteins were determined by sodium dodecyl sulphate-polyacrylamide gel electrophoresis immunoblotting technique. All the IgE samples were from Malaysian rubber tappers who had been skin-prick tested with extracts of gloves and food: avocado, potato, tomato and watermelon. Two of the five IgE samples from tappers reacting to gloves bound to latex proteins, specifically to 35, 38 and 40 kD B-serum proteins and to 30 kD and 75 kD. The heterogeneous binding pattern was also demonstrated by eleven of the twenty IgE serum samples of tappers reacting to food and by twenty-five of the hundred and thirty-six serum samples of tappers reacting negatively to both gloves and food. The fact that only two of the thirty-eight serum samples that showed strong multiple binding pattern coresponded to a positive skin-prick test to gloves, indicated that in vitro immunoblotting using IgE antibodies in human blood is an unreliable indicator of latex allergy. |
| 700 ## - ADDED ENTRY--PERSONAL NAME | |
| Personal name | Azizah Yip M |
| 700 ## - ADDED ENTRY--PERSONAL NAME | |
| Personal name | Mok K L |
| 700 ## - ADDED ENTRY--PERSONAL NAME | |
| Personal name | Nasuruddin B A |
| 700 ## - ADDED ENTRY--PERSONAL NAME | |
| Personal name | Shahnaz M |
| 942 ## - ADDED ENTRY ELEMENTS (KOHA) | |
| Koha item type | Journals |
| Withdrawn status | Lost status | Damaged status | Not for loan | Home library | Current library | Shelving location | Date acquired | Serial Enumeration / chronology | Koha item type |
|---|---|---|---|---|---|---|---|---|---|
| Journals | RRII Library | RRII Library | Rubber chemistry | 17/12/2021 | Volume 1, Issue 3 | Journals |